[Event "Grand Prix"]
[Site "Montreal CAN"]
[Date "1995.05.19"]
[Round "1"]
[White "Hebert, Jean"]
[Black "Lacroix, Serge"]
[Result "1-0"]
[WhiteElo "2494"]
[BlackElo "2002"]
[PlyCount "89"]
[GameId "2160767912064586"]
[EventDate "1995.05.19"]
[EventType "swiss"]
[EventRounds "5"]
[EventCountry "CAN"]
[SourceTitle "EXT 2022"]
[Source "ChessBase"]
[SourceDate "2021.10.06"]
[SourceVersion "1"]
[SourceVersionDate "2021.10.06"]
[SourceQuality "1"]

1. d4 Nf6 2. c4 e6 3. Nc3 Bb4 4. e3 O-O 5. Nge2 c5 6. a3 Bxc3+ 7. Nxc3 d6 8. Be2 Qe7 9. O-O b6 10. Bf3 Bb7 11. d5 e5 12. e4 Nbd7 13. g3 Kh8 14. Bg2 Ng8 15. f4 f5 16. exf5 Rxf5 17. Bh3 Rff8 18. Be6 exf4 19. Bxf4 g5 20. Bd2 Rxf1+ 21. Qxf1 Rf8 22. Qe2 Ne5 23. Ne4 Nf3+ 24. Kg2 Bc8 25. Qxf3 Rxf3 26. Kxf3 g4+ 27. Ke3 h5 28. Bc3+ Kh7 29. Bxc8 Qf8 30. Nxd6 Qxd6 31. Rf1 Nh6 32. Rf6 Qe7+ 33. Be6 Qg7 34. Kf4 Qc7+ 35. Be5 Qd8 36. Ke4 a6 37. a4 b5 38. axb5 axb5 39. Rf1 bxc4 40. Ra1 Qb6 41. Ra8 h4 42. Rb8 Qa5 43. Bf5+ Nxf5 44. Kxf5 Qd2 45. Rh8# 1-0

[Event "Grand Prix"]
[Site "Montreal CAN"]
[Date "1995.05.20"]
[Round "2"]
[White "Filion, Charles"]
[Black "Hebert, Jean"]
[Result "0-1"]
[WhiteElo "2001"]
[BlackElo "2494"]
[PlyCount "66"]
[GameId "2160767912064588"]
[EventDate "1995.05.19"]
[EventType "swiss"]
[EventRounds "5"]
[EventCountry "CAN"]
[SourceTitle "EXT 2022"]
[Source "ChessBase"]
[SourceDate "2021.10.06"]
[SourceVersion "1"]
[SourceVersionDate "2021.10.06"]
[SourceQuality "1"]

1. e4 g6 2. d4 c6 3. Nf3 d5 4. e5 Bg7 5. Bd3 c5 6. dxc5 Nc6 7. h3 Nxe5 8. Nxe5 Bxe5 9. Bb5+ Kf8 10. O-O Bb8 11. b4 a5 12. Bb2 Nf6 13. a3 g5 14. Re1 Qc7 15. g3 Be6 16. Qf3 Kg7 17. Qh5 h6 18. Rxe6 fxe6 19. Be8 Rxe8 20. Bxf6+ exf6 21. Qxe8 axb4 22. Qxe6 Qd8 23. a4 Be5 24. Ra2 Ra6 25. Qg4 Qc7 26. Qxb4 Bxg3 27. c4 Bh2+ 28. Kh1 dxc4 29. f3 Be5 30. Qxc4 Rd6 31. Nd2 Rd4 32. Qb5 Rh4 33. Kg2 Qc8 0-1

[Event "Grand Prix"]
[Site "Montreal CAN"]
[Date "1995.05.20"]
[Round "3"]
[White "Hebert, Jean"]
[Black "Gladu, Pierre"]
[Result "1-0"]
[WhiteElo "2494"]
[BlackElo "2129"]
[PlyCount "79"]
[GameId "2160767912064590"]
[EventDate "1995.05.19"]
[EventType "swiss"]
[EventRounds "5"]
[EventCountry "CAN"]
[SourceTitle "EXT 2022"]
[Source "ChessBase"]
[SourceDate "2021.10.06"]
[SourceVersion "1"]
[SourceVersionDate "2021.10.06"]
[SourceQuality "1"]

1. d4 Nf6 2. c4 g6 3. Nc3 Bg7 4. e4 d6 5. Nf3 O-O 6. Be2 e5 7. Be3 Ng4 8. Bg5 f6 9. Bc1 Nc6 10. d5 Ne7 11. h3 Nh6 12. g4 Nf7 13. Rg1 c6 14. h4 f5 15. gxf5 gxf5 16. Ng5 Kh8 17. Ne6 Bxe6 18. dxe6 Nh6 19. Bg5 fxe4 20. Nxe4 d5 21. Ng3 Qa5+ 22. Qd2 Qxd2+ 23. Kxd2 Nhg8 24. Nh5 Bh6 25. Raf1 Ng6 26. cxd5 cxd5 27. f4 exf4 28. Bd3 Bxg5 29. hxg5 Rae8 30. Rh1 Ne5 31. Nxf4 Re7 32. Rh3 Rg7 33. b3 Nxd3 34. Ng6+ Rxg6 35. Rxf8 Rxe6 36. Rf7 h6 37. Kxd3 Rg6 38. gxh6 Nxh6 39. Rxb7 a6 40. Re3 1-0

[Event "Grand Prix"]
[Site "Montreal CAN"]
[Date "1995.05.21"]
[Round "5"]
[White "Hebert, Jean"]
[Black "Beregovoy, Alexander"]
[Result "1-0"]
[WhiteElo "2494"]
[BlackElo "2282"]
[PlyCount "71"]
[GameId "2160767912064596"]
[EventDate "1995.05.19"]
[EventType "swiss"]
[EventRounds "5"]
[EventCountry "CAN"]
[SourceTitle "EXT 2022"]
[Source "ChessBase"]
[SourceDate "2021.10.06"]
[SourceVersion "1"]
[SourceVersionDate "2021.10.06"]
[SourceQuality "1"]

1. c4 e5 2. Nc3 Nc6 3. Nf3 g6 4. d4 exd4 5. Nxd4 Bg7 6. Nxc6 bxc6 7. g3 Ne7 8. Bg2 O-O 9. O-O d6 10. Bd2 Be6 11. b3 Qd7 12. Re1 Rad8 13. Rc1 h6 14. Na4 c5 15. Bc3 Nf5 16. Bxg7 Kxg7 17. Qd2 h5 18. Qb2+ f6 19. Nc3 Nh6 20. e4 Nf7 21. Rcd1 h4 22. Re3 Rh8 23. f4 Qc8 24. Rf1 c6 25. Na4 Bh3 26. e5 fxe5 27. fxe5 dxe5 28. Qf2 Bf5 29. g4 h3 30. Be4 Ng5 31. gxf5 gxf5 32. Rg3 Rh5 33. Bxf5 Qc7 34. Nxc5 Kh8 35. Qe2 Qf7 36. Qxe5+ 1-0

[Event "Beloeil"]
[Site "Beloeil CAN"]
[Date "1995.05.06"]
[Round "3"]
[White "Schleifer, Michael"]
[Black "Hebert, Jean"]
[Result "0-1"]
[WhiteElo "2330"]
[BlackElo "2487"]
[PlyCount "96"]
[GameId "2160767912064617"]
[EventDate "1995.05.06"]
[EventType "swiss"]
[EventRounds "3"]
[EventCountry "CAN"]

1. d4 Nf6 2. c4 e6 3. a3 c5 4. Nf3 cxd4 5. Nxd4 b6 6. Nb5 d6 7. Bf4 e5 8. Bg5 Be6 9. e3 a6 10. Bxf6 gxf6 11. Qf3 axb5 12. Qxa8 bxc4 13. Qa4+ Qd7 14. Qxd7+ Kxd7 15. Nd2 d5 16. e4 dxe4 17. Bxc4 Bxc4 18. Nxc4 Bc5 19. Rd1+ Ke6 20. Nd2 f5 21. Nb3 Bd6 22. Rc1 f4 23. O-O h5 24. Rfd1 h4 25. Rc3 Rg8 26. Kf1 f5 27. Na1 e3 28. fxe3 h3 29. gxh3 f3 30. Rd2 e4 31. Nb3 Be5 32. Rc4 Nd7 33. Nd4+ Bxd4 34. Rdxd4 Ne5 35. Rb4 Rc8 36. Rxb6+ Ke7 37. Rb7+ Ke8 38. Rd6 Rc1+ 39. Kf2 Rc2+ 40. Kg3 Rg2+ 41. Kh4 f2 42. Ra6 Nd7 43. Ra8+ Ke7 44. Raa7 f1=Q 45. Rxd7+ Ke6 46. Re7+ Kd5 47. Rac7 Qf2+ 48. Kh5 Qf3+ 0-1

[Event "Mauricie op"]
[Site "Trois-Rivieres CAN"]
[Date "1995.03.17"]
[Round "1"]
[White "Hebert, Jean"]
[Black "Leriche, Felix"]
[Result "1-0"]
[WhiteElo "2497"]
[BlackElo "2115"]
[PlyCount "42"]
[GameId "2160767912064736"]
[EventDate "1995.03.17"]
[EventType "swiss"]
[EventRounds "5"]
[EventCountry "CAN"]

1. d4 d5 2. c4 e6 3. Nc3 c6 4. e4 dxe4 5. Nxe4 Bb4+ 6. Bd2 Qxd4 7. Bxb4 Qxe4+ 8. Ne2 Na6 9. Bf8 Qe5 10. Qd2 Bd7 11. Bd6 Qf6 12. O-O-O Rd8 13. Ng3 Ne7 14. Qe3 Nf5 15. Nxf5 Qxf5 16. Bd3 Qa5 17. Qg3 g6 18. Qh4 g5 19. Qh6 Bc8 20. Qf6 Rxd6 21. Qxh8+ Kd7 1-0

[Event "Mauricie op"]
[Site "Trois-Rivieres CAN"]
[Date "1995.03.18"]
[Round "2"]
[White "Moussa, Alaa Eddine"]
[Black "Hebert, Jean"]
[Result "0-1"]
[WhiteElo "2232"]
[BlackElo "2497"]
[PlyCount "74"]
[GameId "2160767912064738"]
[EventDate "1995.03.17"]
[EventType "swiss"]
[EventRounds "5"]
[EventCountry "CAN"]

1. d4 Nf6 2. c4 e6 3. Nf3 b6 4. g3 Ba6 5. b3 Bb4+ 6. Bd2 Be7 7. Bg2 c6 8. Bc3 d5 9. Ne5 Nfd7 10. Nxd7 Nxd7 11. Nd2 Rc8 12. O-O O-O 13. Bb2 f5 14. Rc1 Bd6 15. Nf3 Qe7 16. Rc2 b5 17. c5 Bc7 18. b4 Ra8 19. Qd2 Bc8 20. Bc3 a5 21. bxa5 Qd8 22. a4 bxa4 23. Ra1 Ba6 24. Rxa4 Nf6 25. Ne5 Ne4 26. Bxe4 fxe4 27. Ra1 Bb5 28. Rca2 Qf6 29. e3 Qf5 30. a6 h5 31. h4 Bxe5 32. dxe5 g5 33. hxg5 h4 34. f4 exf3 35. Qh2 Rxa6 36. Kf2 Rxa2+ 37. Rxa2 Qb1 0-1

[Event "Mauricie op"]
[Site "Trois-Rivieres CAN"]
[Date "1995.03.19"]
[Round "4"]
[White "Schleifer, Michael"]
[Black "Hebert, Jean"]
[Result "0-1"]
[WhiteElo "2326"]
[BlackElo "2497"]
[PlyCount "120"]
[GameId "2160767912064740"]
[EventDate "1995.03.17"]
[EventType "swiss"]
[EventRounds "5"]
[EventCountry "CAN"]

1. d4 Nf6 2. Bg5 e6 3. e4 h6 4. Bxf6 Qxf6 5. c3 d6 6. Na3 Nd7 7. Bd3 g6 8. Ne2 Bg7 9. f4 Qh4+ 10. g3 Qe7 11. e5 O-O 12. h4 dxe5 13. fxe5 c5 14. Nc4 cxd4 15. cxd4 Nb6 16. Nxb6 axb6 17. Qb3 Bd7 18. Qxb6 Bc6 19. Rf1 g5 20. hxg5 Qxg5 21. Qb4 Rfd8 22. Qd2 Ra4 23. Qf4 Rd7 24. b3 Raxd4 25. Nxd4 Rxd4 26. Qxg5 hxg5 27. O-O-O Bxe5 28. Be2 Rxd1+ 29. Kxd1 b5 30. g4 b4 31. Bf3 Bd7 32. Re1 Bd6 33. Ke2 Kf8 34. Rc1 Ke7 35. Bc6 Bc8 36. Be4 Ba6+ 37. Kf2 Bb5 38. Rc8 Kf6 39. Kf3 Ke5 40. Bc6 Bd3 41. Rg8 f6 42. Re8 Bb1 43. Ra8 Bc2 44. Ke3 Bc5+ 45. Ke2 Bb1 46. Bd7 f5 47. Re8 Kf4 48. Rc8 Bd6 49. Rc4+ Ke5 50. Rc1 Be4 51. Bc6 Bxc6 52. Rxc6 fxg4 53. Rc4 Kf5 54. Kf2 e5 55. Ke3 e4 56. Rxe4 Bc5+ 57. Kd3 g3 58. Rc4 Ba7 59. Rc2 Kf4 60. Rc7 g2 0-1

[Event "Mauricie op"]
[Site "Trois-Rivieres CAN"]
[Date "1995.03.19"]
[Round "5"]
[White "Hebert, Jean"]
[Black "Leveille, Francois"]
[Result "1-0"]
[WhiteElo "2497"]
[BlackElo "2348"]
[PlyCount "35"]
[GameId "2160767912064742"]
[EventDate "1995.03.17"]
[EventType "swiss"]
[EventRounds "5"]
[EventCountry "CAN"]

1. c4 c6 2. e4 d5 3. exd5 Nf6 4. d4 cxd5 5. Nc3 Nc6 6. Nf3 Bg4 7. cxd5 Nxd5 8. Qb3 Bxf3 9. gxf3 Nb6 10. d5 Nd4 11. Qd1 e5 12. dxe6 fxe6 13. Be3 e5 14. Bxd4 Qxd4 15. Bb5+ Nd7 16. Qe2 Bd6 17. Rd1 Qb6 18. Bxd7+ 1-0

[Event "Carnaval"]
[Site "Quebec CAN"]
[Date "1995.02.03"]
[Round "1"]
[White "Angers, Gilles"]
[Black "Hebert, Jean"]
[Result "0-1"]
[WhiteElo "1963"]
[BlackElo "2488"]
[PlyCount "50"]
[GameId "2160767912064813"]
[EventDate "1995.02.03"]
[EventType "swiss"]
[EventRounds "5"]
[EventCountry "CAN"]
[SourceTitle "EXT 2022"]
[Source "ChessBase"]
[SourceDate "2021.10.06"]
[SourceVersion "1"]
[SourceVersionDate "2021.10.06"]
[SourceQuality "1"]

1. e4 c5 2. Nc3 Nc6 3. g3 g6 4. Bg2 Bg7 5. d3 d6 6. f4 e6 7. Nf3 Nge7 8. O-O O-O 9. Be3 Nd4 10. e5 dxe5 11. Nxe5 Rb8 12. Ne4 b6 13. c3 Ndf5 14. Bf2 Bb7 15. g4 Nd6 16. Nxd6 Qxd6 17. Bxb7 Rxb7 18. Qf3 Qd5 19. Qg3 f5 20. g5 Bxe5 21. fxe5 Nc6 22. d4 f4 23. Qg2 f3 24. Qg4 cxd4 25. cxd4 Rbf7 0-1

[Event "Carnaval"]
[Site "Quebec CAN"]
[Date "1995.02.04"]
[Round "2"]
[White "Hebert, Jean"]
[Black "Pineault, Denis"]
[Result "1-0"]
[WhiteElo "2488"]
[BlackElo "2221"]
[PlyCount "72"]
[GameId "2160767912064818"]
[EventDate "1995.02.03"]
[EventType "swiss"]
[EventRounds "5"]
[EventCountry "CAN"]
[SourceTitle "EXT 2022"]
[Source "ChessBase"]
[SourceDate "2021.10.06"]
[SourceVersion "1"]
[SourceVersionDate "2021.10.06"]
[SourceQuality "1"]

1. c4 g6 2. Nc3 Bg7 3. d4 d6 4. e4 Nc6 5. d5 Nd4 6. Be3 c5 7. Nge2 Qb6 8. Na4 Qa5+ 9. Bd2 Qa6 10. b4 Nxe2 11. Bxe2 cxb4 12. Rb1 Bd7 13. Rxb4 Qa5 14. Qb3 b6 15. Rxb6 Bxa4 16. Bxa5 Bxb3 17. Rxb3 Nf6 18. c5 O-O 19. cxd6 exd6 20. f3 Rfc8 21. Kd1 Nd7 22. Ba6 Nc5 23. Bxc8 Nxb3 24. Bb7 Rb8 25. axb3 Rxb7 26. Kc2 Kf8 27. Rd1 Ke7 28. Rd3 Kd7 29. Bc3 Bxc3 30. Rxc3 h5 31. Rc6 h4 32. Kc3 Ke7 33. f4 f6 34. e5 fxe5 35. fxe5 dxe5 36. Rxg6 Rc7+ 1-0

[Event "Carnaval"]
[Site "Quebec CAN"]
[Date "1995.02.04"]
[Round "3"]
[White "Schleifer, Michael"]
[Black "Hebert, Jean"]
[Result "0-1"]
[WhiteElo "2332"]
[BlackElo "2488"]
[PlyCount "148"]
[GameId "2160767912064822"]
[EventDate "1995.02.03"]
[EventType "swiss"]
[EventRounds "5"]
[EventCountry "CAN"]
[SourceTitle "EXT 2022"]
[Source "ChessBase"]
[SourceDate "2021.10.06"]
[SourceVersion "1"]
[SourceVersionDate "2021.10.06"]
[SourceQuality "1"]

1. e4 e6 2. d4 d5 3. Nd2 Nf6 4. e5 Nfd7 5. Bd3 c5 6. c3 Nc6 7. Ne2 cxd4 8. cxd4 f6 9. f4 Qb6 10. Nf3 Bb4+ 11. Bd2 a5 12. a3 Be7 13. Qc2 f5 14. h3 Nf8 15. g4 g6 16. gxf5 gxf5 17. h4 Bd7 18. Be3 O-O-O 19. h5 Kb8 20. Nc3 Rg8 21. Kf2 Be8 22. Na4 Qa7 23. Qb3 Rg4 24. Rac1 Rc8 25. Bb5 Rc7 26. Qd3 h6 27. Rc3 Bd8 28. Rb3 Rcg7 29. Rh2 Kc8 30. Nc5 Bb6 31. Rc3 Bxc5 32. Rxc5 Nd7 33. Rc2 Ndb8 34. b4 axb4 35. axb4 Qb6 36. Bxc6 bxc6 37. b5 Rc7 38. bxc6 Nxc6 39. Qa3 Qb4 40. Qa8+ Kd7 41. Rh1 Qa5 42. Qxa5 Nxa5 43. Rxc7+ Kxc7 44. Nd2 Bb5 45. Nf3 Nc4 46. Bc1 Rg8 47. Ng5 hxg5 48. fxg5 Be8 49. h6 Rh8 50. h7 Kd7 51. Rh6 Na5 52. g6 Bxg6 53. Rxg6 Rxh7 54. Ba3 Nb3 55. Bc5 Nd2 56. Bf8 Ne4+ 57. Kf3 Rh3+ 58. Kg2 Rh7 59. Bh6 Ke7 60. Rg7+ Rxg7+ 61. Bxg7 Kd7 62. Kf3 Kc6 63. Ke3 Kb5 64. Kd3 Kb4 65. Bh6 Nf2+ 66. Ke2 Ng4 67. Bf8+ Kc4 68. Bc5 Nxe5 69. Ke3 Nc6 70. Bb6 Kb3 71. Bc5 Kc3 72. Bb6 Kc4 73. Bc5 e5 74. Bd6 f4+ 0-1

[Event "Carnaval"]
[Site "Quebec CAN"]
[Date "1995.02.05"]
[Round "4"]
[White "Hebert, Jean"]
[Black "Berube, Richard"]
[Result "1-0"]
[WhiteElo "2488"]
[BlackElo "2271"]
[PlyCount "89"]
[GameId "2160767912064823"]
[EventDate "1995.02.03"]
[EventType "swiss"]
[EventRounds "5"]
[EventCountry "CAN"]
[SourceTitle "EXT 2022"]
[Source "ChessBase"]
[SourceDate "2021.10.06"]
[SourceVersion "1"]
[SourceVersionDate "2021.10.06"]
[SourceQuality "1"]

1. c4 Nf6 2. Nc3 g6 3. e4 d6 4. g3 Bg7 5. Bg2 c5 6. Nge2 Nc6 7. O-O O-O 8. a3 Ne8 9. Rb1 a5 10. d3 Nc7 11. Be3 Ne6 12. Nb5 Ned4 13. Nexd4 cxd4 14. Bd2 Na7 15. a4 Nc6 16. f4 f5 17. Qe2 Kh8 18. Rbe1 Bd7 19. e5 dxe5 20. fxe5 Be6 21. Bf4 Rc8 22. Qd2 Qd7 23. h4 h5 24. Bh6 b6 25. Bxg7+ Kxg7 26. Rf4 Rfd8 27. Qf2 Nb4 28. Rxd4 Qe8 29. Bf1 Bd7 30. e6 Bxb5 31. axb5 Kh7 32. Rd7 Rxd7 33. exd7 Qxd7 34. Qxb6 Nc2 35. Re6 Rg8 36. Re5 f4 37. gxf4 Qg4+ 38. Bg2 Rg7 39. Qf2 Qd1+ 40. Kh2 Nb4 41. f5 Nxd3 42. fxg6+ Rxg6 43. Rxe7+ Rg7 44. Qf5+ Kh6 45. Re6+ 1-0

[Event "Paul Keres A"]
[Site "Montreal CAN"]
[Date "1995.01.03"]
[Round "1"]
[White "Berube, Richard"]
[Black "Hebert, Jean"]
[Result "1/2-1/2"]
[WhiteElo "2272"]
[BlackElo "2511"]
[PlyCount "64"]
[GameId "2160767912064862"]
[EventDate "1995.01.03"]
[EventType "tourn"]
[EventRounds "7"]
[EventCountry "CAN"]
[SourceTitle "EXT 2022"]
[Source "ChessBase"]
[SourceDate "2021.10.06"]
[SourceVersion "1"]
[SourceVersionDate "2021.10.06"]
[SourceQuality "1"]

1. e4 e6 2. d4 d5 3. Nc3 Bb4 4. e5 Ne7 5. Bd2 Nf5 6. Nf3 b6 7. Ne2 Be7 8. Ng3 Qd7 9. Nxf5 exf5 10. Bd3 Ba6 11. Qe2 Bxd3 12. Qxd3 Nc6 13. h4 O-O-O 14. O-O-O Kb7 15. Kb1 h6 16. a3 g6 17. Rde1 Qe6 18. g3 a6 19. Ng1 g5 20. hxg5 hxg5 21. Ne2 Nb8 22. Qf3 c6 23. Rxh8 Rxh8 24. Rh1 Rxh1+ 25. Qxh1 Nd7 26. Bb4 Bxb4 27. axb4 f6 28. f4 Qe7 29. c3 Nf8 30. Qh6 Kc7 31. exf6 Qxe2 32. Qxf8 Qd1+ 1/2-1/2

[Event "Paul Keres A"]
[Site "Montreal CAN"]
[Date "1995.03.08"]
[Round "2"]
[White "Hebert, Jean"]
[Black "Bolduc, Steve"]
[Result "1-0"]
[WhiteElo "2511"]
[BlackElo "2178"]
[PlyCount "57"]
[GameId "2160767912064866"]
[EventDate "1995.01.03"]
[EventType "tourn"]
[EventRounds "7"]
[EventCountry "CAN"]
[SourceTitle "EXT 2022"]
[Source "ChessBase"]
[SourceDate "2021.10.06"]
[SourceVersion "1"]
[SourceVersionDate "2021.10.06"]
[SourceQuality "1"]

1. e4 e6 2. d4 d5 3. e5 c5 4. c3 Nc6 5. Nf3 Qa5 6. dxc5 Qxc5 7. Bd3 Nge7 8. Bf4 Bd7 9. O-O h5 10. a4 Qb6 11. b4 a6 12. Nbd2 f5 13. exf6 gxf6 14. Bd6 e5 15. Nh4 Bg4 16. Qb1 e4 17. Bxe4 dxe4 18. Nc4 Qd8 19. Qxe4 Kf7 20. f3 Be6 21. Rfe1 Bd5 22. Qd3 b5 23. axb5 axb5 24. Rxa8 bxc4 25. Rxe7+ Nxe7 26. Rxd8 cxd3 27. Bxe7 Ke6 28. Rd6+ Ke5 29. Ng6+ 1-0

[Event "Paul Keres A"]
[Site "Montreal CAN"]
[Date "1995.01.24"]
[Round "3"]
[White "Tremblay, Alain"]
[Black "Hebert, Jean"]
[Result "0-1"]
[WhiteElo "1906"]
[BlackElo "2511"]
[PlyCount "46"]
[GameId "2160767912130408"]
[EventDate "1995.01.03"]
[EventType "tourn"]
[EventRounds "7"]
[EventCountry "CAN"]
[SourceTitle "hb 2015"]

1. d4 Nf6 2. Nf3 g6 3. c4 Bg7 4. g3 O-O 5. Bg2 d5 6. cxd5 Nxd5 7. O-O Nb6 8. Nc3 Nc6 9. e3 Re8 10. Qe2 e5 11. dxe5 Nxe5 12. Rd1 Qe7 13. Nd4 a6 14. a4 c5 15. Nc2 Bg4 16. f3 Be6 17. e4 Bc4 18. Qe3 Rad8 19. a5 Rxd1+ 20. Nxd1 Bd3 21. Na3 Nbc4 22. Nxc4 Bxc4 23. b3 Nd3 0-1

[Event "Paul Keres A"]
[Site "Montreal CAN"]
[Date "1995.03.22"]
[Round "4"]
[White "Hebert, Jean"]
[Black "O'Donnell, Tom"]
[Result "0-1"]
[WhiteElo "2511"]
[BlackElo "2371"]
[PlyCount "86"]
[GameId "2160767912130411"]
[EventDate "1995.01.03"]
[EventType "tourn"]
[EventRounds "7"]
[EventCountry "CAN"]
[SourceTitle "EXT 2022"]
[Source "ChessBase"]
[SourceDate "2021.10.06"]
[SourceVersion "1"]
[SourceVersionDate "2021.10.06"]
[SourceQuality "1"]

1. c4 c6 2. d4 d5 3. Nf3 Nf6 4. Nc3 a6 5. e3 b5 6. cxd5 cxd5 7. Ne5 e6 8. Bd2 Be7 9. a4 b4 10. Na2 a5 11. Bb5+ Nfd7 12. Nc1 O-O 13. Nxd7 Bxd7 14. Bd3 Bc8 15. O-O Ba6 16. Bxa6 Rxa6 17. Nd3 Rc6 18. Ne5 Rc8 19. Qe2 f6 20. Nd3 Qb6 21. Rfc1 Nd7 22. Nf4 g5 23. Nd3 f5 24. Be1 Qa6 25. Qd1 Bd6 26. f3 Rxc1 27. Rxc1 Rc8 28. Rxc8+ Qxc8 29. b3 Qc7 30. h3 h5 31. Qd2 Kf7 32. Qe2 Nf6 33. Qb2 Qc8 34. Bd2 g4 35. Ne5+ Bxe5 36. dxe5 Nd7 37. hxg4 hxg4 38. fxg4 fxg4 39. Qd4 Qc2 40. Be1 Qb1 41. Kf1 Qxb3 42. Qa7 Qxa4 43. Bxb4 Qb5+ 0-1

[Event "Paul Keres A"]
[Site "Montreal CAN"]
[Date "1995.04.06"]
[Round "7"]
[White "Gladu, Pierre"]
[Black "Hebert, Jean"]
[Result "1/2-1/2"]
[WhiteElo "2116"]
[BlackElo "2511"]
[PlyCount "103"]
[GameId "2160767912130416"]
[EventDate "1995.01.03"]
[EventType "tourn"]
[EventRounds "7"]
[EventCountry "CAN"]
[SourceTitle "EXT 2022"]
[Source "ChessBase"]
[SourceDate "2021.10.06"]
[SourceVersion "1"]
[SourceVersionDate "2021.10.06"]
[SourceQuality "1"]

1. e4 c5 2. Nf3 Nc6 3. d4 cxd4 4. Nxd4 e5 5. Nb5 d6 6. c4 Be7 7. N1c3 a6 8. Na3 Be6 9. Bd3 Rc8 10. O-O Bg5 11. Nd5 Bxc1 12. Rxc1 Nf6 13. Nc2 O-O 14. Nce3 Nd4 15. Nxf6+ Qxf6 16. b3 g6 17. Nc2 Nc6 18. Qd2 Qg7 19. Rcd1 Rfd8 20. Qe3 f5 21. f3 f4 22. Qb6 g5 23. Be2 Qc7 24. Qxc7 Rxc7 25. Rd2 Kf8 26. Rfd1 Ke7 27. Kf2 h5 28. h3 Rcd7 29. Rh1 Rb8 30. Rc1 Rg8 31. Rh1 Rdd8 32. Rdd1 Rb8 33. Rc1 Rg7 34. Rhd1 Rgg8 35. Rd2 g4 36. hxg4 hxg4 37. fxg4 Rg7 38. Rcd1 Rd8 39. Rh1 Rdg8 40. Rh4 Bxg4 41. Bxg4 Rxg4 42. Rxg4 Rxg4 43. Rd3 b5 44. cxb5 axb5 45. Rd5 Rg3 46. Rxb5 Rc3 47. Nb4 Nxb4 48. Rxb4 Rc2+ 49. Kf3 Rxa2 50. g3 fxg3 51. Kxg3 Ra8 52. Kf3 1/2-1/2

[Event "Pere Noel"]
[Site "Montreal CAN"]
[Date "1994.12.26"]
[Round "1"]
[White "Filion, Charles"]
[Black "Hebert, Jean"]
[Result "0-1"]
[WhiteElo "1992"]
[BlackElo "2473"]
[PlyCount "38"]
[GameId "2160767912140030"]
[EventDate "1994.12.26"]
[EventType "swiss"]
[EventRounds "5"]
[EventCountry "CAN"]
[SourceTitle "EXT 2022"]
[Source "ChessBase"]
[SourceDate "2021.10.06"]
[SourceVersion "1"]
[SourceVersionDate "2021.10.06"]
[SourceQuality "1"]

1. e4 g6 2. d4 d6 3. Nc3 c6 4. Be3 Bg7 5. Be2 b5 6. a3 Nd7 7. f4 Nb6 8. Nf3 Nf6 9. Nd2 O-O 10. O-O e5 11. fxe5 dxe5 12. d5 cxd5 13. exd5 Nfxd5 14. Nxd5 Nxd5 15. Bc5 Bb7 16. Bxb5 Nf4 17. Nf3 e4 18. Qxd8 Rfxd8 19. Ng5 Rd5 0-1

[Event "Pere Noel"]
[Site "Montreal CAN"]
[Date "1994.12.27"]
[Round "2"]
[White "Hebert, Jean"]
[Black "Larochelle, Martial"]
[Result "1-0"]
[WhiteElo "2473"]
[BlackElo "2147"]
[PlyCount "111"]
[GameId "2160767912140035"]
[EventDate "1994.12.26"]
[EventType "swiss"]
[EventRounds "5"]
[EventCountry "CAN"]
[SourceTitle "EXT 2022"]
[Source "ChessBase"]
[SourceDate "2021.10.06"]
[SourceVersion "1"]
[SourceVersionDate "2021.10.06"]
[SourceQuality "1"]

1. c4 e5 2. Nc3 d6 3. Nf3 f5 4. g3 Nf6 5. d4 e4 6. Nh4 c6 7. f3 Be7 8. Bh3 g6 9. O-O O-O 10. d5 Na6 11. Ng2 Nc7 12. Bh6 Re8 13. Nf4 exf3 14. exf3 Kf7 15. Nfe2 Ng8 16. Be3 c5 17. Qd2 Bf6 18. Rae1 Bd7 19. g4 Ne7 20. Bf4 Nc8 21. gxf5 Bxf5 22. Bxf5 gxf5 23. Ng3 Bd4+ 24. Kh1 Qf6 25. Rxe8 Nxe8 26. Re1 Nc7 27. Bg5 Qg6 28. Bd8 Ne8 29. Re6 Nf6 30. Nb5 Nb6 31. Nxd6+ Kf8 32. Be7+ Kg8 33. Bxf6 Bxf6 34. Ngxf5 Qg5 35. f4 Qg6 36. b3 Kh8 37. Qg2 Qh5 38. Qe2 Qg6 39. Re8+ Rxe8 40. Qxe8+ Qxe8 41. Nxe8 Bc3 42. Ned6 Bd2 43. Nxb7 Nd7 44. Kg2 Bxf4 45. b4 cxb4 46. c5 a5 47. d6 a4 48. c6 Nb6 49. d7 Bc7 50. Nd4 b3 51. axb3 a3 52. Nb5 a2 53. Nxc7 a1=Q 54. d8=Q+ Kg7 55. Ne6+ Kf7 56. Qxb6 1-0

[Event "Pere Noel"]
[Site "Montreal CAN"]
[Date "1994.12.28"]
[Round "3"]
[White "Spraggett, Grant"]
[Black "Hebert, Jean"]
[Result "0-1"]
[WhiteElo "2318"]
[BlackElo "2473"]
[PlyCount "52"]
[GameId "2160767912140042"]
[EventDate "1994.12.26"]
[EventType "swiss"]
[EventRounds "5"]
[EventCountry "CAN"]
[SourceTitle "EXT 2022"]
[Source "ChessBase"]
[SourceDate "2021.10.06"]
[SourceVersion "1"]
[SourceVersionDate "2021.10.06"]
[SourceQuality "1"]

1. c4 e5 2. g3 Nf6 3. Bg2 c6 4. d4 e4 5. Nc3 d5 6. Bg5 Be6 7. Bxf6 gxf6 8. e3 h5 9. h4 Na6 10. a3 Nc7 11. Nge2 Bh6 12. cxd5 cxd5 13. Qb3 b6 14. O-O O-O 15. Rfc1 Qd7 16. Kh2 Rfc8 17. Ng1 Ne8 18. Bf1 Nd6 19. Be2 Kg7 20. Bxh5 Rh8 21. Qd1 Bg5 22. hxg5 Bg4 23. gxf6+ Kg8 24. f3 Rxh5+ 25. Kg2 exf3+ 26. Nxf3 Qf5 0-1

[Event "Pere Noel"]
[Site "Montreal CAN"]
[Date "1994.12.29"]
[Round "4"]
[White "Hebert, Jean"]
[Black "Linskiy, Oleg"]
[Result "1/2-1/2"]
[WhiteElo "2473"]
[BlackElo "2362"]
[PlyCount "85"]
[GameId "2160767912140045"]
[EventDate "1994.12.26"]
[EventType "swiss"]
[EventRounds "5"]
[EventCountry "CAN"]
[SourceTitle "EXT 2022"]
[Source "ChessBase"]
[SourceDate "2021.10.06"]
[SourceVersion "1"]
[SourceVersionDate "2021.10.06"]
[SourceQuality "1"]

1. d4 d5 2. c4 Bf5 3. cxd5 Bxb1 4. Qa4+ c6 5. Rxb1 Qxd5 6. Nf3 Nd7 7. Bd2 Ngf6 8. e3 e6 9. Qc2 Bd6 10. Bd3 Qh5 11. h3 g5 12. Ke2 g4 13. hxg4 Qxg4 14. b4 h5 15. Rh4 Qg7 16. e4 Ng4 17. Rbh1 Rg8 18. Be1 Qf8 19. Rxh5 O-O-O 20. a3 Kb8 21. Qb3 Ngf6 22. R5h4 e5 23. dxe5 Nxe5 24. Nxe5 Bxe5 25. g3 Qd6 26. Bd2 Ng4 27. Rf1 Ka8 28. Rh5 Rd7 29. Rg5 Rxg5 30. Bxg5 Bd4 31. Bf4 Be5 32. Rh1 Bxf4 33. Rh8+ Rd8 34. Rxd8+ Qxd8 35. gxf4 Qh4 36. Qxf7 Qxf2+ 37. Kd1 Ne3+ 38. Kc1 Qe1+ 39. Kb2 Qd2+ 40. Ka1 Qc3+ 41. Ka2 Qd2+ 42. Ka1 Qc3+ 43. Ka2 1/2-1/2